000 00658nam a22002177a 4500
003 DO-SdBNP
005 20211102154256.0
007 ta
008 211102b2019 dr ||||| |||| 00| 0 eng d
040 _aDO-SdBNP
_bspa
_cBNPHU
082 4 _222
100 1 _aMinaya, Tania
_980465
245 1 0 _aSu gracia es más que suficiente /
_cTania Minaya ; prólogo Alexis Angulo
260 _aSanto Domingo :
_bPublicaciones Libertad,
_c2019.
300 _a115 p. ;
_c21 cm.
500 _aIncluye datos biográficos de la autora en la contracubierta
590 _aInventariado, 2021/BT
700 1 _aAngulo, Alexis
_978155
910 _aBtavárez
942 _2ddc
_cLBS1
999 _c50856
_d50856